[Event "CAN-op"]
[Site "Edmonton CAN"]
[Date "2009.07.16"]
[Round "6.96"]
[White "Situ, Dennis"]
[Black "Merkowsky, Mark"]
[Result "0-1"]
[WhiteElo "1388"]
[BlackElo "1466"]
[PlyCount "82"]
[GameId "2160767910156195"]
[EventDate "2009.07.11"]
[EventType "swiss"]
[EventRounds "9"]
[EventCountry "CAN"]
[SourceTitle "EXT 2022"]
[Source "ChessBase"]
[SourceDate "2021.10.06"]
[SourceVersion "1"]
[SourceVersionDate "2021.10.06"]
[SourceQuality "1"]

1. e4 c5 2. c3 Nc6 3. d4 cxd4 4. cxd4 e6 5. Nf3 Bb4+ 6. Bd2 d6 7. Nc3 Nf6 8. Bd3 O-O 9. O-O Qb6 10. Qc1 h6 11. e5 Nd7 12. Bxh6 f6 13. exf6 Nxf6 14. Qg5 Rf7 15. Bg6 Re7 16. Be8 Qd8 17. Bxc6 bxc6 18. Qg3 Qe8 19. Bg5 Rf7 20. a3 Bxc3 21. bxc3 Ne4 22. Qg4 Nxc3 23. Bd2 e5 24. Qg6 Ne2+ 25. Kh1 Ba6 26. Rfe1 Rf6 27. Qxe8+ Rxe8 28. dxe5 dxe5 29. Be3 Rf7 30. Ng1 Nf4 31. Nf3 Nd3 32. Red1 e4 33. Nd4 c5 34. Nc6 Nxf2+ 35. Bxf2 Rxf2 36. Nxa7 e3 37. Kg1 Bb7 38. g3 Rg2+ 39. Kf1 e2+ 40. Ke1 exd1=Q+ 41. Kxd1 Rg1+ 0-1

[Event "CAN-op"]
[Site "Edmonton CAN"]
[Date "2009.07.16"]
[Round "6.97"]
[White "MacKay, David"]
[Black "Pavlic, Stephen"]
[Result "0-1"]
[WhiteElo "1202"]
[BlackElo "1341"]
[PlyCount "82"]
[GameId "2160767910156196"]
[EventDate "2009.07.11"]
[EventType "swiss"]
[EventRounds "9"]
[EventCountry "CAN"]
[SourceTitle "EXT 2022"]
[Source "ChessBase"]
[SourceDate "2021.10.06"]
[SourceVersion "1"]
[SourceVersionDate "2021.10.06"]
[SourceQuality "1"]

1. e4 e5 2. Nc3 Nf6 3. Nf3 Nc6 4. d3 Bb4 5. Bd2 O-O 6. g3 d5 7. Bg2 d4 8. Ne2 Bxd2+ 9. Nxd2 Ne7 10. c3 c5 11. c4 Ng6 12. h3 Rb8 13. O-O a6 14. a3 b5 15. cxb5 axb5 16. b4 cxb4 17. axb4 Qd6 18. Qb1 h5 19. Rc1 Be6 20. Ra2 Bxa2 21. Qxa2 Qxb4 22. Qb3 Qxd2 23. Rc2 Qa5 24. Nc1 Rfc8 25. Kh2 Rc7 26. Rxc7 Qxc7 27. Na2 Nd7 28. Nb4 Qb6 29. Nd5 Qe6 30. f3 Ne7 31. Nxe7+ Qxe7 32. f4 b4 33. fxe5 Qxe5 34. h4 Nc5 35. Qc4 b3 36. Bf3 b2 37. Qd5 Qxd5 38. exd5 b1=Q 39. Be4 Nxe4 40. dxe4 Qf1 41. g4 Qf3 0-1

[Event "CAN-op"]
[Site "Edmonton CAN"]
[Date "2009.07.16"]
[Round "6.98"]
[White "Green, Leah"]
[Black "Durupala, Rishi"]
[Result "0-1"]
[WhiteElo "1298"]
[BlackElo "1075"]
[PlyCount "120"]
[GameId "2160767910156197"]
[EventDate "2009.07.11"]
[EventType "swiss"]
[EventRounds "9"]
[EventCountry "CAN"]
[SourceTitle "EXT 2022"]
[Source "ChessBase"]
[SourceDate "2021.10.06"]
[SourceVersion "1"]
[SourceVersionDate "2021.10.06"]
[SourceQuality "1"]

1. e4 e5 2. Nf3 Nf6 3. Bc4 Nc6 4. Nc3 Nxe4 5. Nxe4 d5 6. Bxd5 Qxd5 7. d3 Bf5 8. Nc3 Qe6 9. Qe2 O-O-O 10. Bd2 Bg4 11. h3 Bxf3 12. Qxf3 Nd4 13. Qd1 Kb8 14. Be3 f5 15. Bxd4 Rxd4 16. Ne2 Rd7 17. Qd2 e4 18. Qe3 b6 19. O-O-O Bc5 20. d4 Bd6 21. Kb1 c5 22. d5 Qe5 23. f4 Qf6 24. g3 g6 25. Nc3 Rg8 26. h4 h6 27. Nb5 Bf8 28. Qc3 Qxc3 29. Nxc3 g5 30. fxg5 hxg5 31. h5 e3 32. h6 Rh8 33. Rde1 f4 34. gxf4 gxf4 35. h7 Rdxh7 36. Rxh7 Rxh7 37. Nd1 Rd7 38. c4 Bh6 39. Kc2 f3 40. Nxe3 f2 41. Rh1 Bxe3 42. Rh8+ Kc7 43. Rf8 Rh7 44. Kd3 Bd4 45. b3 Kd6 46. Rf5 Rh3+ 47. Ke2 Re3+ 48. Kf1 Re5 49. Rf8 Re1+ 50. Kg2 Rg1+ 51. Kh2 f1=Q 52. Rxf1 Rxf1 53. Kg2 Rf2+ 54. Kg3 Rxa2 55. Kf4 Rb2 56. Ke4 Rxb3 57. Kf5 a5 58. Kg6 a4 59. Kf7 a3 60. Ke8 a2 0-1

[Event "CAN-op"]
[Site "Edmonton CAN"]
[Date "2009.07.17"]
[Round "7"]
[White "Armstrong, Robert J"]
[Black "Marshall, Jim"]
[Result "1/2-1/2"]
[WhiteElo "1831"]
[BlackElo "1661"]
[PlyCount "66"]
[GameId "2160767910156198"]
[EventDate "2009.07.11"]
[EventType "swiss"]
[EventRounds "9"]
[EventCountry "CAN"]
[SourceTitle "CBM 132 Extra"]
[Source "ChessBase"]
[SourceDate "2009.11.03"]
[SourceVersion "1"]
[SourceVersionDate "2009.11.03"]
[SourceQuality "1"]

1. d4 Nf6 2. c4 g6 3. Nc3 d5 4. e3 Bg7 5. Nf3 O-O 6. Bd3 dxc4 7. Bxc4 c5 8. O-O Bg4 9. Be2 cxd4 10. exd4 Nc6 11. Be3 Qa5 12. h3 Be6 13. Qa4 Qxa4 14. Nxa4 Bd5 15. Nc3 Rfd8 16. Rfd1 a6 17. Rac1 Rac8 18. Ne5 Be6 19. Bf3 Nd5 20. Nxc6 bxc6 21. a3 Nxe3 22. fxe3 Bh6 23. Kf2 Bb3 24. Re1 c5 25. Ne2 cxd4 26. Nxd4 Rxc1 27. Rxc1 Bd5 28. Bxd5 Rxd5 29. Rc8+ Kg7 30. Re8 Re5 31. Nc2 Rc5 32. Nd4 Re5 33. Nc2 Rc5 1/2-1/2

[Event "CAN-op"]
[Site "Edmonton CAN"]
[Date "2009.07.17"]
[Round "7"]
[White "Gardner, Robert"]
[Black "Shah, Omar"]
[Result "1/2-1/2"]
[WhiteElo "2171"]
[BlackElo "1883"]
[PlyCount "141"]
[GameId "2160767910156200"]
[EventDate "2009.07.11"]
[EventType "swiss"]
[EventRounds "9"]
[EventCountry "CAN"]
[SourceTitle "CBM 132 Extra"]
[Source "ChessBase"]
[SourceDate "2009.11.03"]
[SourceVersion "1"]
[SourceVersionDate "2009.11.03"]
[SourceQuality "1"]

1. b3 c5 2. Bb2 b6 3. e3 Bb7 4. f4 d6 5. Nf3 Nd7 6. c4 Ngf6 7. d4 e6 8. Nc3 a6 9. Bd3 Qc7 10. O-O Be7 11. e4 cxd4 12. Nxd4 Nc5 13. Qe2 Nxd3 14. Qxd3 O-O 15. Rae1 Rfd8 16. Rf3 Bf8 17. Rh3 g6 18. Qg3 Bg7 19. Nf3 Nd7 20. Ng5 Nf8 21. Qh4 Qc5+ 22. Kh1 f6 23. Nxh7 Nxh7 24. Qxh7+ Kf7 25. Rg3 Qh5 26. Qxh5 gxh5 27. Rd3 Bh6 28. g3 h4 29. Red1 b5 30. cxb5 axb5 31. Rxd6 Rxd6 32. Rxd6 Ke7 33. Rb6 Ra7 34. Rxb5 f5 35. Kg1 hxg3 36. hxg3 fxe4 37. Rh5 Bf8 38. Rh7+ Ke8 39. Na4 Be7 40. Bd4 Ra5 41. Nc3 Ba6 42. a4 Bd3 43. Rh8+ Kd7 44. Kf2 Bc2 45. Rb8 Rh5 46. Ke3 Rh1 47. a5 Ba3 48. Rh8 Bc1+ 49. Kf2 e3+ 50. Kg2 Rxh8 51. Bxh8 Bxb3 52. a6 Kc6 53. a7 Kb7 54. Bd4 Bd2 55. Ne2 Bd5+ 56. Kf1 Bf3 57. Bc5 Bg4 58. Nd4 Bc3 59. Nc2 e2+ 60. Kf2 e5 61. fxe5 Bxe5 62. Ne1 Bc3 63. Be3 Ka8 64. Ng2 Bh3 65. Ne1 Bg4 66. Nd3 Kb7 67. Nc5+ Ka8 68. Nd3 Kb7 69. Bc5 Ka8 70. Ne1 Kb7 71. Be3 1/2-1/2

[Event "CAN-op"]
[Site "Edmonton CAN"]
[Date "2009.07.17"]
[Round "7"]
[White "Langer, Mikhail"]
[Black "Bradford, Joseph M"]
[Result "1/2-1/2"]
[WhiteElo "2263"]
[BlackElo "2409"]
[PlyCount "85"]
[GameId "2160767910156202"]
[EventDate "2009.07.11"]
[EventType "swiss"]
[EventRounds "9"]
[EventCountry "CAN"]
[SourceTitle "CBM 132 Extra"]
[Source "ChessBase"]
[SourceDate "2009.11.03"]
[SourceVersion "1"]
[SourceVersionDate "2009.11.03"]
[SourceQuality "1"]

1. e4 e6 2. d4 d5 3. Nd2 Nf6 4. e5 Nfd7 5. Bd3 c5 6. c3 Nc6 7. Ne2 cxd4 8. cxd4 f6 9. Nf4 Qe7 10. Nf3 fxe5 11. dxe5 Ndxe5 12. Nxe5 Nxe5 13. Qh5+ Nf7 14. O-O g6 15. Bb5+ Bd7 16. Bxd7+ Qxd7 17. Qh3 e5 18. Qxd7+ Kxd7 19. Nxd5 Rc8 20. Be3 Ke6 21. Rad1 b6 22. f4 Bg7 23. fxe5 Bxe5 24. Nf4+ Ke7 25. Nd3 Bg7 26. Rde1 Kf8 27. Bf4 Bd4+ 28. Kh1 Bf6 29. Ne5 Kg7 30. Nxf7 Kxf7 31. Be5 Rc6 32. g4 h6 33. Re3 Rf8 34. h4 Kg8 35. Bxf6 Rfxf6 36. Rxf6 Rxf6 37. Kg2 Rd6 38. Kf3 Kf7 39. Ra3 Rd7 40. b4 Kf6 41. Rc3 Ke5 42. Re3+ Kf6 43. Rc3 1/2-1/2

[Event "CAN-op"]
[Site "Edmonton CAN"]
[Date "2009.07.17"]
[Round "7"]
[White "Purewal, Sardul"]
[Black "Haessel, Dale"]
[Result "0-1"]
[WhiteElo "2055"]
[BlackElo "2204"]
[PlyCount "137"]
[GameId "2160767910156203"]
[EventDate "2009.07.11"]
[EventType "swiss"]
[EventRounds "9"]
[EventCountry "CAN"]
[SourceTitle "CBM 132 Extra"]
[Source "ChessBase"]
[SourceDate "2009.11.03"]
[SourceVersion "1"]
[SourceVersionDate "2009.11.03"]
[SourceQuality "1"]

1. Nf3 Nf6 2. c4 c5 3. Nc3 d6 4. d3 g6 5. g3 Bg7 6. Bg2 O-O 7. O-O Nc6 8. a3 Qd7 9. Bd2 b6 10. Qc1 Bb7 11. Bh6 Nd4 12. Nxd4 Bxg2 13. Kxg2 cxd4 14. Bxg7 Kxg7 15. Nb5 e5 16. a4 d5 17. b3 dxc4 18. bxc4 Rac8 19. Qb2 Rc5 20. h4 Nh5 21. f3 f5 22. Na3 f4 23. g4 Nf6 24. g5 Ng4 25. Rh1 Ne3+ 26. Kf2 h6 27. gxh6+ Kxh6 28. Nc2 Nf5 29. Ne1 Ra5 30. Qb4 Rh8 31. Ng2 Kg7 32. Qb2 Ng3 33. Rhc1 Rc8 34. Qb4 Kh6 35. Qb3 Qh3 36. Qd1 Nf5 37. Qh1 Qg3+ 38. Kg1 Kh5 39. Qh2 Qxh2+ 40. Kxh2 Nxh4 41. Nxh4 Kxh4 42. Rh1 Kg5 43. Kg2 Kf5 44. Kf2 g5 45. Rhb1 Rh8 46. Kg2 Rc8 47. Kf2 Rh8 48. Kg2 g4 49. fxg4+ Kxg4 50. Rb5 Rxb5 51. axb5 Rh7 52. Ra2 Rf7 53. Kf2 Rg7 54. Ra6 Rh7 55. Kg2 f3+ 56. exf3+ Kf4 57. Ra3 Ke3 58. Kf1 Kxf3 59. Ke1 Ke3 60. Kd1 e4 61. dxe4+ d3 62. Kc1 Rh1+ 63. Kb2 Kxe4 64. Rxa7 d2 65. Re7+ Kf5 66. Rd7 d1=Q 67. Rxd1 Rxd1 68. c5 bxc5 69. b6 0-1

[Event "CAN-op"]
[Site "Edmonton CAN"]
[Date "2009.07.17"]
[Round "7"]
[White "Rachar, Sean"]
[Black "Grumic, Sasha"]
[Result "1-0"]
[WhiteElo "1897"]
[BlackElo "2080"]
[PlyCount "70"]
[GameId "2160767910156204"]
[EventDate "2009.07.11"]
[EventType "swiss"]
[EventRounds "9"]
[EventCountry "CAN"]
[SourceTitle "CBM 132 Extra"]
[Source "ChessBase"]
[SourceDate "2009.11.03"]
[SourceVersion "1"]
[SourceVersionDate "2009.11.03"]
[SourceQuality "1"]

1. d4 Nf6 2. c4 e5 3. dxe5 Ng4 4. Nc3 Nc6 5. e3 Ngxe5 6. f4 Ng6 7. a3 d6 8. Bd3 Be7 9. Qh5 Nh4 10. g3 g6 11. Qe2 Nf5 12. Bd2 O-O 13. O-O-O Na5 14. Bc2 c6 15. g4 Nh6 16. f5 b5 17. cxb5 cxb5 18. e4 Bg5 19. h4 Bxd2+ 20. Rxd2 Ba6 21. Nd5 Rc8 22. h5 g5 23. f6 Re8 24. Qe3 Re5 25. Ne7+ Kh8 26. Nxc8 Qxc8 27. Rxd6 Nxg4 28. Qd3 Nc6 29. Nh3 b4 30. Qb3 Nh6 31. axb4 Rxe4 32. Nxg5 Bc4 33. Rxc6 Qxc6 34. Bxe4 Qb5 35. Qg3 Qe8 1-0

[Event "CAN-op"]
[Site "Edmonton CAN"]
[Date "2009.07.17"]
[Round "7.1"]
[White "Shirov, Alexei"]
[Black "Ganguly, Surya Shekhar"]
[Result "1-0"]
[WhiteElo "2748"]
[BlackElo "2637"]
[PlyCount "55"]
[GameId "2160767910156205"]
[EventDate "2009.07.11"]
[EventType "swiss"]
[EventRounds "9"]
[EventCountry "CAN"]

1. e4 e6 2. d4 d5 3. Nc3 Bb4 4. e5 c5 5. a3 Bxc3+ 6. bxc3 Ne7 7. Qg4 Qc7 8. Qxg7 Rg8 9. Qxh7 cxd4 10. Ne2 Nbc6 11. f4 Bd7 12. Qd3 dxc3 13. Qxc3 O-O-O 14. Rb1 Nf5 15. Rg1 d4 16. Qd3 Na5 17. Rb4 Nc6 18. Rc4 Be8 19. g4 Nh4 20. Rg3 f6 21. exf6 Bg6 22. Rxc6 Qxc6 23. Nxd4 Qh1 24. f5 exf5 25. Bf4 Be8 26. Qc4+ Bc6 27. Qe6+ Bd7 28. Rc3+ 1-0

[Event "CAN-op"]
[Site "Edmonton CAN"]
[Date "2009.07.17"]
[Round "7.12"]
[White "Yoos, John"]
[Black "Moloney, Nicholas"]
[Result "1/2-1/2"]
[WhiteElo "2442"]
[BlackElo "2230"]
[PlyCount "87"]
[GameId "2160767910156214"]
[EventDate "2009.07.11"]
[EventType "swiss"]
[EventRounds "9"]
[EventCountry "CAN"]
[SourceTitle "EXT 2022"]
[Source "ChessBase"]
[SourceDate "2021.10.06"]
[SourceVersion "1"]
[SourceVersionDate "2021.10.06"]
[SourceQuality "1"]

1. e4 c6 2. d4 d5 3. e5 Bf5 4. Nf3 e6 5. a3 Ne7 6. Nbd2 Nd7 7. Nh4 c5 8. c3 Bg6 9. Nxg6 hxg6 10. Nf3 Nf5 11. h3 Be7 12. Be2 cxd4 13. cxd4 Qa5+ 14. Bd2 Qb6 15. Bc3 Nb8 16. O-O Nc6 17. Qd2 a5 18. b3 Kd7 19. Rfd1 f6 20. exf6 gxf6 21. Ne1 Nd6 22. Qe3 Rac8 23. Nf3 Ne4 24. Be1 Bd6 25. Bd3 f5 26. b4 axb4 27. axb4 Ra8 28. Rxa8 Rxa8 29. b5 Ne7 30. Qh6 Ra3 31. Qc1 Ra2 32. Qb1 Ra4 33. Qb3 Ra3 34. Qb2 Ke8 35. Bb4 Bxb4 36. Qxb4 Qd6 37. Qb2 Kf8 38. Ne5 Ra4 39. Ra1 Qb4 40. Qc1 Qxd4 41. Rxa4 Qxa4 42. Qc7 Qa8 43. Nd7+ Kf7 44. Ne5+ 1/2-1/2

[Event "CAN-op"]
[Site "Edmonton CAN"]
[Date "2009.07.17"]
[Round "7.13"]
[White "Zilberstein, Dmitry"]
[Black "Tang, Edward"]
[Result "1-0"]
[WhiteElo "2380"]
[BlackElo "2053"]
[PlyCount "43"]
[GameId "2160767910156215"]
[EventDate "2009.07.11"]
[EventType "swiss"]
[EventRounds "9"]
[EventCountry "CAN"]
[SourceTitle "EXT 2022"]
[Source "ChessBase"]
[SourceDate "2021.10.06"]
[SourceVersion "1"]
[SourceVersionDate "2021.10.06"]
[SourceQuality "1"]

1. d4 Nf6 2. c4 e6 3. Nf3 d5 4. Nc3 Be7 5. Bf4 O-O 6. e3 c5 7. dxc5 Bxc5 8. Qc2 Nc6 9. Be2 dxc4 10. Bxc4 Qe7 11. Bg5 Bd7 12. O-O h6 13. Bh4 Rfd8 14. Ne4 Bb6 15. Nxf6+ gxf6 16. Nd2 Nb4 17. Qc3 Nc6 18. Bxf6 Qf8 19. Bxd8 Rxd8 20. Rad1 Qc5 21. a3 Qg5 22. e4 1-0

[Event "CAN-op"]
[Site "Edmonton CAN"]
[Date "2009.07.17"]
[Round "7.14"]
[White "Hommeles, Theo"]
[Black "Araullo, Paolo"]
[Result "1-0"]
[WhiteElo "2412"]
[BlackElo "2047"]
[PlyCount "97"]
[GameId "2160767910156216"]
[EventDate "2009.07.11"]
[EventType "swiss"]
[EventRounds "9"]
[EventCountry "CAN"]

1. e4 c5 2. Nf3 Nc6 3. d4 cxd4 4. Nxd4 Nf6 5. Nc3 e5 6. Ndb5 d6 7. Bg5 a6 8. Na3 b5 9. Bxf6 gxf6 10. Nd5 Bg7 11. c3 Be6 12. Nc2 f5 13. a4 bxa4 14. exf5 Bxf5 15. Nce3 Bd7 16. Rxa4 O-O 17. Rxa6 Rxa6 18. Bxa6 f5 19. Nc4 Nb8 20. Bb7 Bb5 21. Qb3 Bxc4 22. Qxc4 Kh8 23. O-O Qg5 24. f4 Qh5 25. Qc7 Qh6 26. Bc8 exf4 27. Nxf4 Be5 28. g3 Rg8 29. Be6 Rf8 30. Bc8 Rg8 31. Be6 Rf8 32. Bc4 Re8 33. Bf7 Rf8 34. Bc4 Re8 35. Qf7 Rf8 36. Qb7 Re8 37. Qb5 Rf8 38. Kh1 Qf6 39. Bd3 Qh6 40. Kg2 Rg8 41. Bc4 Rf8 42. Ne6 Rg8 43. Rxf5 Qe3 44. Ng5 Qd2+ 45. Kh3 Rxg5 46. Qxb8+ Kg7 47. Qf8+ Kg6 48. Rf2 Qe3 49. Bf7# 1-0

[Event "CAN-op"]
[Site "Edmonton CAN"]
[Date "2009.07.17"]
[Round "7.16"]
[White "Sundar, Avinaash"]
[Black "Piasetski, Leon"]
[Result "1/2-1/2"]
[WhiteElo "2210"]
[BlackElo "2406"]
[PlyCount "50"]
[GameId "2160767910156217"]
[EventDate "2009.07.11"]
[EventType "swiss"]
[EventRounds "9"]
[EventCountry "CAN"]
[SourceTitle "EXT 2022"]
[Source "ChessBase"]
[SourceDate "2021.10.06"]
[SourceVersion "1"]
[SourceVersionDate "2021.10.06"]
[SourceQuality "1"]

1. Nf3 f5 2. c4 Nf6 3. Nc3 g6 4. g3 Bg7 5. Bg2 O-O 6. O-O d6 7. d4 Qe8 8. d5 c6 9. Nd4 Kh8 10. e3 Bd7 11. b3 Na6 12. Bb2 Rb8 13. Rc1 Nc7 14. a4 a6 15. b4 e5 16. dxe6 Bxe6 17. Nxe6 Qxe6 18. Qe2 Ng4 19. b5 Ne5 20. Nb1 axb5 21. axb5 Ra8 22. bxc6 bxc6 23. Bd4 Rfb8 24. h3 Ra6 25. Nd2 Qe8 1/2-1/2

[Event "CAN-op"]
[Site "Edmonton CAN"]
[Date "2009.07.17"]
[Round "7.17"]
[White "Barron, Michael"]
[Black "Me, Kevin"]
[Result "1/2-1/2"]
[WhiteElo "2357"]
[BlackElo "2124"]
[PlyCount "148"]
[GameId "2160767910156218"]
[EventDate "2009.07.11"]
[EventType "swiss"]
[EventRounds "9"]
[EventCountry "CAN"]

1. e4 c5 2. Nf3 d6 3. d4 cxd4 4. Nxd4 Nf6 5. Nc3 a6 6. Be2 e5 7. Nb3 Be7 8. O-O O-O 9. a4 Be6 10. f4 exf4 11. Bxf4 Nc6 12. Bf3 Ne5 13. Nd4 Nxf3+ 14. gxf3 Bh3 15. Rf2 Rc8 16. Rd2 Nh5 17. Be3 Bg5 18. Qe1 Re8 19. Nd5 f5 20. f4 Bh4 21. Bf2 Rxe4 22. Re2 Bxf2+ 23. Qxf2 Qe8 24. Rae1 Qg6+ 25. Kh1 Rce8 26. Rxe4 fxe4 27. f5 Qf7 28. c4 Nf6 29. Ne3 Bg4 30. Rg1 Qh5 31. Nxg4 Nxg4 32. Qe2 Nf6 33. Qg2 Re7 34. Ne6 Qf3 35. Qxf3 exf3 36. Rf1 g6 37. Rxf3 gxf5 38. Nd4 Re1+ 39. Kg2 Rd1 40. Nxf5 Rd2+ 41. Rf2 Rxf2+ 42. Kxf2 Ne8 43. Ke3 Kf7 44. Ke4 Kf6 45. a5 Ke6 46. Nd4+ Ke7 47. Kf5 Nf6 48. Ne2 d5 49. c5 Ne4 50. b4 Nf2 51. b5 Kd7 52. c6+ bxc6 53. bxa6 Kc7 54. Nd4 c5 55. Ne6+ Kb8 56. Nxc5 d4 57. h4 d3 58. Nb3 Ka7 59. Kf4 Kxa6 60. Kf3 Nd1 61. Ke4 Nb2 62. Ke3 Nc4+ 63. Kxd3 Nxa5 64. Nd4 Kb6 65. Ke4 Nc6 66. Ne6 Ne7 67. h5 Kc6 68. Ke5 Kd7 69. Kf6 Ng8+ 70. Kf7 Nh6+ 71. Kg7 Kxe6 72. Kxh6 Kf6 73. Kxh7 Kf7 74. h6 Kf8 1/2-1/2

[Event "CAN-op"]
[Site "Edmonton CAN"]
[Date "2009.07.17"]
[Round "7.18"]
[White "Ebrahim Shirazi, Behrooz"]
[Black "MacKay, Ian"]
[Result "0-1"]
[WhiteElo "2075"]
[BlackElo "2328"]
[PlyCount "48"]
[GameId "2160767910156219"]
[EventDate "2009.07.11"]
[EventType "swiss"]
[EventRounds "9"]
[EventCountry "CAN"]
[SourceTitle "EXT 2022"]
[Source "ChessBase"]
[SourceDate "2021.10.06"]
[SourceVersion "1"]
[SourceVersionDate "2021.10.06"]
[SourceQuality "1"]

1. d4 g6 2. c4 Bg7 3. Nc3 c5 4. d5 d6 5. e4 Nf6 6. Be2 O-O 7. Bg5 h6 8. Bf4 a6 9. Qd2 Kh7 10. h4 b5 11. cxb5 axb5 12. Bxb5 Qb6 13. Bd3 Ba6 14. Bb1 Nbd7 15. h5 Nxh5 16. Rxh5 gxh5 17. e5+ Kg8 18. Qc2 f5 19. exf6 Rxf6 20. Qh7+ Kf8 21. Bc1 Qb4 22. Nf3 Qg4 23. Ne4 Qxg2 24. Nfd2 Qg1+ 0-1

[Event "CAN-op"]
[Site "Edmonton CAN"]
[Date "2009.07.17"]
[Round "7.20"]
[White "Henry, Liam"]
[Black "Sohal, Tanraj"]
[Result "1/2-1/2"]
[WhiteElo "2280"]
[BlackElo "2072"]
[PlyCount "91"]
[GameId "2160767910156221"]
[EventDate "2009.07.11"]
[EventType "swiss"]
[EventRounds "9"]
[EventCountry "CAN"]

1. e4 c5 2. Nf3 Nc6 3. d4 cxd4 4. Nxd4 Nf6 5. Nc3 e5 6. Ndb5 d6 7. Bg5 a6 8. Na3 Be6 9. Nc4 Rc8 10. Ne3 Be7 11. Bxf6 Bxf6 12. Ncd5 Bg5 13. g3 Ne7 14. Nxe7 Bxe7 15. c3 Bg5 16. Nd5 O-O 17. Bg2 Rc5 18. Nb4 Bc4 19. Bf1 a5 20. Nd3 Bxd3 21. Bxd3 d5 22. O-O d4 23. f4 Bf6 24. c4 Qd7 25. Kg2 Be7 26. b3 f6 27. Qe2 Bd6 28. f5 Rcc8 29. g4 Kf7 30. g5 Ke7 31. Qh5 Rh8 32. Rf3 Qe8 33. Qg4 Bc5 34. Kh1 Qf7 35. Rg1 h6 36. gxf6+ gxf6 37. Rfg3 b6 38. R1g2 Rcf8 39. Kg1 h5 40. Qh4 Rfg8 41. Rg6 Rxg6 42. Rxg6 Rh7 43. Kf2 Rg7 44. Qxh5 Rh7 45. Qg4 Rxh2+ 46. Kg3 1/2-1/2

[Event "CAN-op"]
[Site "Edmonton CAN"]
[Date "2009.07.17"]
[Round "7.22"]
[White "Sequillion, Aaron"]
[Black "Gentes, Kevin"]
[Result "1/2-1/2"]
[WhiteElo "2108"]
[BlackElo "2246"]
[PlyCount "43"]
[GameId "2160767910156222"]
[EventDate "2009.07.11"]
[EventType "swiss"]
[EventRounds "9"]
[EventCountry "CAN"]
[SourceTitle "hb 2009.08"]

1. e4 e5 2. Nf3 Nc6 3. Bb5 a6 4. Ba4 Nf6 5. O-O Be7 6. Re1 b5 7. Bb3 d6 8. c3 O-O 9. h3 Bb7 10. d3 Na5 11. Bc2 c5 12. Nbd2 Re8 13. Nf1 h6 14. Ng3 Bf8 15. Nf5 d5 16. exd5 Qxd5 17. Qe2 e4 18. dxe4 Nxe4 19. Ne3 Qc6 20. b3 Nf6 21. Bb2 Qb6 22. c4 1/2-1/2

[Event "CAN-op"]
[Site "Edmonton CAN"]
[Date "2009.07.17"]
[Round "7.23"]
[White "Li, Zhichao"]
[Black "Usselman, Paul"]
[Result "1-0"]
[WhiteElo "2183"]
[BlackElo "1886"]
[PlyCount "71"]
[GameId "2160767910156223"]
[EventDate "2009.07.11"]
[EventType "swiss"]
[EventRounds "9"]
[EventCountry "CAN"]
[SourceTitle "EXT 2022"]
[Source "ChessBase"]
[SourceDate "2021.10.06"]
[SourceVersion "1"]
[SourceVersionDate "2021.10.06"]
[SourceQuality "1"]

1. d4 d5 2. c4 e6 3. Nf3 Nf6 4. g3 Bb4+ 5. Bd2 Bxd2+ 6. Nbxd2 Nbd7 7. Bg2 O-O 8. O-O c5 9. dxc5 Nxc5 10. Qc2 d4 11. Ne5 a5 12. Rfd1 Qc7 13. f4 Rd8 14. Ndf3 Ncd7 15. Rxd4 Nxe5 16. Rxd8+ Qxd8 17. Nxe5 Ra6 18. Rd1 Rd6 19. Rxd6 Qxd6 20. Qd3 Qb6+ 21. e3 h5 22. h3 Qc7 23. Qd1 b6 24. Qf3 Qc5 25. Kh2 Nd7 26. Qxh5 Nxe5 27. Qxe5 Qxc4 28. Qc3 Qxc3 29. bxc3 Kf8 30. h4 Ke7 31. g4 Kd6 32. Kg3 Kc5 33. Bf1 Bb7 34. Bd3 Bd5 35. a3 b5 36. h5 1-0

[Event "CAN-op"]
[Site "Edmonton CAN"]
[Date "2009.07.17"]
[Round "7.24"]
[White "MacKinnon, Keith"]
[Black "Yam, Alex"]
[Result "1/2-1/2"]
[WhiteElo "2241"]
[BlackElo "2060"]
[PlyCount "54"]
[GameId "2160767910156224"]
[EventDate "2009.07.11"]
[EventType "swiss"]
[EventRounds "9"]
[EventCountry "CAN"]

1. e4 g6 2. d4 d6 3. Nc3 c6 4. Bc4 b5 5. Bb3 Bg7 6. Nf3 b4 7. Ne2 Nf6 8. e5 dxe5 9. Nxe5 O-O 10. O-O Bb7 11. c3 bxc3 12. Nxf7 Qb6 13. Ng5+ Kh8 14. bxc3 c5 15. Be3 c4 16. Ba4 Bd5 17. Rb1 Qd8 18. Nf4 Qd6 19. Bc2 Bg8 20. Qf3 Nd5 21. Ne4 Rxf4 22. Bxf4 Qxf4 23. Qh3 Qc7 24. Ng5 Nf4 25. Qe3 Nc6 26. Be4 Rf8 27. g3 Nd3 1/2-1/2

[Event "CAN-op"]
[Site "Edmonton CAN"]
[Date "2009.07.17"]
[Round "7.25"]
[White "Gorelik, Lev"]
[Black "Reeve, Jeff"]
[Result "0-1"]
[WhiteElo "2079"]
[BlackElo "2314"]
[PlyCount "116"]
[GameId "2160767910156225"]
[EventDate "2009.07.11"]
[EventType "swiss"]
[EventRounds "9"]
[EventCountry "CAN"]
[SourceTitle "EXT 2022"]
[Source "ChessBase"]
[SourceDate "2021.10.06"]
[SourceVersion "1"]
[SourceVersionDate "2021.10.06"]
[SourceQuality "1"]

1. e4 c5 2. Nf3 Nc6 3. Bb5 d6 4. O-O Bd7 5. Re1 Nf6 6. Nc3 e5 7. Nd5 Nxd5 8. exd5 Ne7 9. Bxd7+ Qxd7 10. c4 g6 11. d3 Bg7 12. Ng5 h6 13. Ne4 f5 14. Ng3 O-O 15. Kh1 g5 16. Qe2 Ng6 17. Nh5 Bh8 18. Bd2 Qf7 19. Rab1 f4 20. Qg4 Qf5 21. h3 a5 22. Bc3 Qxg4 23. hxg4 Kf7 24. Re4 b5 25. g3 Rfb8 26. Kg2 Ne7 27. Rh1 a4 28. Kf3 Ng6 29. Rhe1 Rb7 30. Rh1 Rab8 31. Rhe1 bxc4 32. dxc4 Rxb2 33. Bxb2 Rxb2 34. R4e2 Rb4 35. Rc2 Nf8 36. Ke4 Kg6 37. Kd3 Nd7 38. Re4 Bf6 39. a3 Rb3+ 40. Rc3 Rb2 41. Nxf6 Nxf6 42. Re2 e4+ 43. Rxe4 Rd2+ 44. Kxd2 Nxe4+ 45. Kd3 Nxc3 46. Kxc3 fxg3 47. fxg3 h5 48. gxh5+ Kxh5 49. Kd3 Kg4 50. Ke4 Kxg3 51. Kf5 g4 52. Ke6 Kf4 53. Kxd6 g3 54. Kxc5 g2 55. Kc6 g1=Q 56. d6 Ke5 57. c5 Ke6 58. d7 Ke7 0-1

[Event "CAN-op"]
[Site "Edmonton CAN"]
[Date "2009.07.17"]
[Round "7.27"]
[White "Ferreira, Alex"]
[Black "Kalisvaart, Peter"]
[Result "0-1"]
[WhiteElo "1987"]
[BlackElo "2255"]
[PlyCount "98"]
[GameId "2160767910156226"]
[EventDate "2009.07.11"]
[EventType "swiss"]
[EventRounds "9"]
[EventCountry "CAN"]

1. e4 e5 2. Nf3 Nc6 3. Bb5 a6 4. Bxc6 dxc6 5. O-O Bg4 6. h3 h5 7. d3 Qf6 8. Nbd2 g5 9. Re1 Be6 10. Nf1 g4 11. Ng5 gxh3 12. gxh3 Be7 13. Nxe6 Qxe6 14. Qf3 O-O-O 15. Ng3 Qxh3 16. Qf5+ Qxf5 17. Nxf5 Bf6 18. Re3 Ne7 19. Nxe7+ Bxe7 20. Rf3 f6 21. Be3 c5 22. Kf1 Kd7 23. Ke2 Ke6 24. Rh1 h4 25. Rf5 Rdg8 26. Kf1 b5 27. b3 c4 28. dxc4 bxc4 29. Ke2 h3 30. Rf3 h2 31. Rg3 Rxg3 32. fxg3 cxb3 33. axb3 f5 34. Kf3 fxe4+ 35. Kxe4 Rh3 36. Bf2 Bd6 37. Kf3 Kf5 38. Kg2 Kg4 39. Re1 h1=Q+ 40. Rxh1 Rxh1 41. Kxh1 Kf3 42. Kg1 e4 43. g4 e3 44. Be1 e2 45. g5 Bg3 46. Ba5 e1=Q+ 47. Bxe1 Bxe1 48. Kf1 Bc3 49. g6 Ke3 0-1